| 000 | 00399nam a22001577a 4500 | ||
|---|---|---|---|
| 005 | 20250325034943.0 | ||
| 008 | 250325b |||||||| |||| 00| 0 eng d | ||
| 082 |
_222 _a894 _bMAR |
||
| 100 | _apugalita Karuthu ilakkiyam | ||
| 245 |
_aMaraiyatha Marupaathi _bPugalita Pengal Kavithaikal |
||
| 250 | _a2nd | ||
| 260 |
_aFrance _bExil _c1993 |
||
| 300 | _a84 p ., | ||
| 650 | _aKavithaikal | ||
| 942 | _cL | ||
| 999 |
_c6006 _d6006 |
||